Hóa học 12 nâng cao
Những kiến thức về este - lipit - cacbonhidrat, amin - aminoaxit - protein, polime và vật liệu polime, đại cương về kim loại. Đây là những kiến thức cơ bản mà các bạn lớp 9 cần nắm bắt về môn Hóa học.
Saved in:
| Main Author: | |
|---|---|
| Format: | Book |
| Language: | Undetermined |
| Published: |
Hà Nội
Giáo dục Việt Nam
2016
|
| Subjects: | |
| Tags: |
Add Tag
No Tags, Be the first to tag this record!
|
| Institutions: | Trung tâm Học liệu Trường Đại học Cần Thơ |
|---|
| LEADER | 01203nam a2200241Ia 4500 | ||
|---|---|---|---|
| 001 | CTU_217368 | ||
| 008 | 210402s9999 xx 000 0 und d | ||
| 020 | |c 19400 | ||
| 082 | |a 540.712 | ||
| 082 | |b Tr431 | ||
| 100 | |a Lê, Xuân Trọng | ||
| 245 | 0 | |a Hóa học 12 nâng cao | |
| 245 | 0 | |c Lê Xuân Trọng (Tổng chủ biên) | |
| 260 | |a Hà Nội | ||
| 260 | |b Giáo dục Việt Nam | ||
| 260 | |c 2016 | ||
| 520 | |a Những kiến thức về este - lipit - cacbonhidrat, amin - aminoaxit - protein, polime và vật liệu polime, đại cương về kim loại. Đây là những kiến thức cơ bản mà các bạn lớp 9 cần nắm bắt về môn Hóa học. | ||
| 526 | |a Thiết kế bài tập Hóa học,Phát triển chương trình giáo dục Toán và Khoa học tự nhiên,Đánh giá kết quả học tập Toán và Khoa học tự nhiên | ||
| 526 | |b SP519,SG431,SG422 | ||
| 650 | |a Chemistry,Hóa học | ||
| 650 | |x Study and teaching (Secondary),Dạy và học (Trung học) | ||
| 904 | |i Hiền,My,Hải | ||
| 980 | |a Trung tâm Học liệu Trường Đại học Cần Thơ | ||